Ratujmy Mazury! / (Rekord nr 27467)
| 000 -Nagłówek | |
|---|---|
| fixed length control field | 01836cam a2200481 i 4500 |
| 001 - Nr kontrolny bibl., która utworzyła rek. | |
| control field | xx005917244 |
| 003 - Siglum bibl., której nr kontr. jest w 001 | |
| control field | NUKAT |
| 005 - Data i czas ostatniej operacji | |
| control field | 20260408001839.0 |
| 008 - Elementy pola stałej długości | |
| fixed length control field | 260407s1931 pl |000 0 pol c |
| 035 ## - Systemowy numer kontrolny | |
| systemowy numer kontrolny | (NUKAT)xx005917244 |
| 040 ## - Instytucja sporządzająca opis | |
| Instytucja, która sporządziła opis | OLSZT 008/AL |
| język katalgowania-trzyzn. kod | pol |
| zasady opisu | rda |
| Instytucja, która sporządziła rekord | OLSZT 008/AL |
| 045 2# - Okres czasu dla zawartości | |
| czas między r. 9999 pne a nasz. czas. | d1918 |
| -- | d1930 |
| 046 ## - Kod rodz. daty, data1, data2 (daty pne) | |
| Begin/single date | 1931 |
| 100 1# - Hasło główne-nazwa osobowa | |
| Nazwa osobowa | Sowa, Paweł |
| Daty biograficzne | (1897-1984). |
| rodzaj współpracy | Autor |
| 9 (RLIN) | 11576 |
| 245 10 - Tytuł właściwy i oznaczenie odpow. | |
| tytuł | Ratujmy Mazury! / |
| dod. inf. ze s. tyt./ozn. odpow. | napisał w 11 rocznicę plebiscytu Warmjak P. Sowa. |
| 260 ## - Adres wydawniczy | |
| miejsce wydania, dystrybucji itp. | Toruń : |
| nazwa wydawcy, dystrybutora itp. | nakładem "Ziemi Wschodnio-Pruskiej", |
| data wydania, dystrybucji itp. | 1931 |
| miejsce druku | (Toruń : |
| nazwa drukarni | drukiem Drukarni Robotniczej Sp. z ogr. por.). |
| 300 ## - Opis fizyczny | |
| objętość i/lub forma materiału | 15 stron ; |
| format | 19 cm. |
| 336 ## - Content Type | |
| Term | Tekst |
| Code | txt |
| Source | rdacontent |
| 337 ## - Media Type | |
| Term | Bez urządzenia pośredniczącego |
| Code | n |
| Source | rdamedia |
| 338 ## - Carrier Type | |
| Term | Wolumin |
| Code | nc |
| Source | rdacarrier |
| 380 ## - Form of work | |
| Form of work | Książki |
| 380 ## - Form of work | |
| Form of work | Literatura faktu, eseje, publicystyka |
| 388 1# - TIME PERIOD OF CREATION | |
| Time period of creation term | 1901-2000 |
| 388 1# - TIME PERIOD OF CREATION | |
| Time period of creation term | 1918-1939 |
| 648 #7 - SUBJECT ADDED ENTRY--CHRONOLOGICAL TERM | |
| Chronological term | 1901-2000 |
| Source of heading or term | DBN |
| 9 (RLIN) | 34996 |
| 648 #7 - SUBJECT ADDED ENTRY--CHRONOLOGICAL TERM | |
| Chronological term | 1918-1939 |
| Source of heading or term | DBN |
| 9 (RLIN) | 36041 |
| 650 #7 - Hasło przedmiotowe-nazwa pospolita | |
| nazwa pospolita lub geogr. | Germanizacja |
| źródło hasła | DBN |
| 9 (RLIN) | 37768 |
| 650 #7 - Hasło przedmiotowe-nazwa pospolita | |
| nazwa pospolita lub geogr. | Mazurzy |
| źródło hasła | DBN |
| 9 (RLIN) | 38043 |
| 650 #7 - Hasło przedmiotowe-nazwa pospolita | |
| nazwa pospolita lub geogr. | Plebiscyt na Warmii, Mazurach i Powiślu (1920) |
| źródło hasła | DBN |
| 9 (RLIN) | 39379 |
| 650 #7 - Hasło przedmiotowe-nazwa pospolita | |
| nazwa pospolita lub geogr. | Germanizacja |
| określnik geograficzny | Polska |
| -- | Mazury (region) |
| określnik chronologiczny | 1900-1945. |
| źródło hasła | kaba |
| 9 (RLIN) | 39613 |
| 650 #7 - Hasło przedmiotowe-nazwa pospolita | |
| nazwa pospolita lub geogr. | Mazurzy |
| określnik geograficzny | Prusy |
| określnik rzeczowy | sytuacja społeczna |
| określnik chronologiczny | 1900-1945. |
| źródło hasła | kaba |
| 9 (RLIN) | 28099 |
| 650 #7 - Hasło przedmiotowe-nazwa pospolita | |
| nazwa pospolita lub geogr. | Plebiscyt |
| określnik geograficzny | Polska |
| -- | Mazury (region) |
| określnik chronologiczny | 1900-1945. |
| źródło hasła | kaba |
| 9 (RLIN) | 5679 |
| 651 #7 - Hasło przedmiotowe-nazwa geogr. | |
| nazwa geograficzna | Mazury |
| źródło hasła | DBN |
| 9 (RLIN) | 35176 |
| 651 #7 - Hasło przedmiotowe-nazwa geogr. | |
| nazwa geograficzna | Mazury (Polska ; region) |
| określnik rzeczowy | ludność |
| -- | historia. |
| źródło hasła | kaba |
| 9 (RLIN) | 18770 |
| 651 #7 - Hasło przedmiotowe-nazwa geogr. | |
| nazwa geograficzna | Niemcy |
| określnik rzeczowy | stosunki |
| określnik geograficzny | Polska |
| określnik chronologiczny | 1900-1945. |
| źródło hasła | kaba |
| 9 (RLIN) | 357 |
| 651 #7 - Hasło przedmiotowe-nazwa geogr. | |
| nazwa geograficzna | Polska |
| źródło hasła | DBN |
| 9 (RLIN) | 35076 |
| 655 #7 - Termin określający rodzaj/formę | |
| rodzaj/forma | Odezwa |
| źródło terminu | DBN |
| 9 (RLIN) | 39614 |
| 655 #7 - Termin określający rodzaj/formę | |
| rodzaj/forma | Publicystyka polityczna |
| źródło terminu | DBN |
| 9 (RLIN) | 39615 |
| 658 ## - Nazwa określająca cel programu nauczania | |
| główny cel programu nauczania | Historia |
| 658 ## - Nazwa określająca cel programu nauczania | |
| główny cel programu nauczania | Polityka, politologia, administracja publiczna |
| 710 2# - Hasło dodatkowe - nazwa ciała zbior. | |
| nazwa ciała zbior. lub nazwa geogr. | Drukarnia Robotnicza (Toruń). |
| rodzaj współpracy | Druk |
| kod rodzaju współpracy | prt |
| 9 (RLIN) | 39616 |
| 942 ## - ADDED ENTRY ELEMENTS (KOHA) | |
| Source of classification or shelving scheme | Dewey Decimal Classification |
| Koha item type | pozycje dostępne na miejscu |
| Status wycofania | Status zagubienia | Klasyfikacja | Status uszkodzenia | Blokada wypożyczeń | Kolekcja | Lokalizacja macierzysta | Lokalizacja bieżąca | Data nabycia | Numer akcesji | Źródło akcesji | Nr inwentarzowy | il. wypożyczeń | Sygnatura | Kod kreskowy | Date last seen | Price effective from | Typ egz. |
|---|---|---|---|---|---|---|---|---|---|---|---|---|---|---|---|---|---|
| Dewey Decimal Classification | nieuszkodzona | Pracownia Badań Księgozbiorów Historycznych | Biblioteka Instytutu Północnego w Olsztynie | Pracownia Badań Księgozbiorów Historycznych | 08/04/2026 | D-191/1969 | dar | 14839 | 14839 | IPWK22109 | 08/04/2026 | 08/04/2026 | pozycje dostępne na miejscu |